<?xml version="1.0" encoding="UTF-8"?>
<marc:record xmlns:marc="http://www.loc.gov/MARC21/slim">
   <marc:leader>00000nam a2200000 a 4500</marc:leader>
   <marc:datafield ind1="1" ind2=" " tag="100">
      <marc:subfield code="a">Chadda, Sarwat</marc:subfield>
      <marc:subfield code="4">aut</marc:subfield>
      <marc:subfield code="e">Verfasser/-in</marc:subfield>
   </marc:datafield>
   <marc:datafield ind1=" " ind2=" " tag="653">
      <marc:subfield code="a">Mythologie</marc:subfield>
   </marc:datafield>
   <marc:datafield ind1="0" ind2="0" tag="245">
      <marc:subfield code="a">Sikander gegen die Götter</marc:subfield>
   </marc:datafield>
   <marc:datafield ind1="0" ind2="0" tag="245">
      <marc:subfield code="b">das Schwert des Schicksals</marc:subfield>
   </marc:datafield>
   <marc:datafield ind1=" " ind2="1" tag="264">
      <marc:subfield code="b">Ravensburger</marc:subfield>
      <marc:subfield code="c">2022</marc:subfield>
   </marc:datafield>
   <marc:datafield ind1="1" ind2=" " tag="520">
      <marc:subfield code="a">Seit ich erfahren habe, dass die Mythen des alten Mesopotamien wahr sind, steht mein Leben kopf! Ich musste mich mit reimenden Dämonen herumschlagen. Ich bin dem mächtigsten Superhelden aller Zeiten begegnet. Und ich habe den Zorn von Nergal, dem Gott der Seuchen, auf mich gezogen. Nicht cool! Zum Glück gibt es noch Belet. Belet ist der Wahnsinn: Sie befehligt eine Schar geflügelter Schutzgeister und schwingt ein sagenumwobenes Schwert. Mit ihrer Hilfe kann eigentlich nichts schiefgehen. Oder?! </marc:subfield>
   </marc:datafield>
   <marc:datafield ind1=" " ind2=" " tag="020">
      <marc:subfield code="a">9783473408740</marc:subfield>
      <marc:subfield code="9">9783473408740</marc:subfield>
   </marc:datafield>
</marc:record>
